Statistics. -- 11th ed. (Record no. 58338)

MARC details
000 -LEADER
fixed length control field 00666nam a2200193 a 4500
008 - FIXED-LENGTH DATA ELEMENTS--GENERAL INFORMATION
fixed length control field 160421c20099999||||||||||||||||| || u
020 ## - INTERNATIONAL STANDARD BOOK NUMBER
International Standard Book Number 9780132363440
050 ## - LIBRARY OF CONGRESS CALL NUMBER
Classification number CD/QA 276.12 Mac
100 ## - MAIN ENTRY--PERSONAL NAME
Personal name McClave, James T
245 10 - TITLE STATEMENT
Title Statistics. -- 11th ed.
Statement of responsibility, etc. James T. McClave, Terry Sincich
Medium [cd-rom]
250 ## - EDITION STATEMENT
Edition statement 11th ed.
260 ## - PUBLICATION, DISTRIBUTION, ETC.
Place of publication, distribution, etc. Upper Saddle River, NJ
Name of publisher, distributor, etc. Pearson
Date of publication, distribution, etc. 2009
300 ## - PHYSICAL DESCRIPTION
Extent 4 3/4 in.
350 ## - PRICE (NR) (BK AM CF MU VM SE) [OBSOLETE]
Price 0.00
500 ## - GENERAL NOTE
General note Accompanied by CD-ROM
650 #3 - SUBJECT ADDED ENTRY--TOPICAL TERM
Topical term or geographic name entry element P0PULATION STATISTICS
700 ## - ADDED ENTRY--PERSONAL NAME
Personal name Sincich, Terry
995 ## - RECOMMENDATION 995 [LOCAL, UNIMARC FRANCE]
-- CBU-MAIN LIBRARY (Kitwe)
-- 0.00
-- 1
-- AVAILABLE
-- Apr 21, 2016
-- e-Media Collection
Holdings
Withdrawn status Lost status Source of classification or shelving scheme Damaged status Not for loan Home library Current library Shelving location Date acquired Total Checkouts Full call number Barcode Date last seen Price effective from Koha item type
          CBU-MAIN LIBRARY, KITWE. CBU-MAIN LIBRARY, KITWE.   11/30/2022   CD/QA 276.12 Mac 20141103 11/30/2022 11/30/2022 MONOGRAPH